Menos es suficiente / (Registro nro. 62642)

Detalles MARC
000 -LEADER
campo de control de longitud fija 02223cam a22003374i 4500
003 - IDENTIFICADOR DE NÚMERO DE CONTROL
campo de control PE-LiUPU
005 - FECHA Y HORA DE LA ÚLTIMA TRANSACCIÓN
campo de control 20250731183449.0
008 - DATOS DE LONGITUD FIJA--INFORMACIÓN GENERAL
campo de control de longitud fija 240927b |||||||| |||| 00| 0 spa d
020 ## - NÚMERO INTERNACIONAL ESTÁNDAR DEL LIBRO
Número Internacional Estándar del Libro 9788425229077
040 ## - FUENTE DE CATALOGACIÓN
Lengua de catalogación spa
Centro/agencia transcriptor PE-LiUPU
Normas de descripción rda
Centro/agencia modificador PE-LiUPU
082 04 - NÚMERO DE LA CLASIFICACIÓN DECIMAL DEWEY
Número de clasificación 724
Cutter V853m
Número de edición 23
100 ## - ENTRADA PRINCIPAL--NOMBRE DE PERSONA
Nombre de persona Vittorio Aureli, Pier,
Fechas asociadas al nombre 1973-
Término indicativo de función/relación autor.
9 (RLIN) 4448
245 10 - MENCIÓN DEL TÍTULO
Título Menos es suficiente /
Mención de responsabilidad, etc. Pier Vittorio Aureli; traducción de María Serrano.
264 #1 - PRODUCCIÓN, PUBLICACIÓN, DISTRIBUCIÓN, FABRICACIÓN Y COPYRIGHT
Producción, publicación, distribución, fabricación y copyright Barcelona :
Nombre del de productor, editor, distribuidor, fabricante Editorial Gustavo Gili,
Fecha de producción, publicación, distribución, fabricación o copyright 2013.
300 ## - DESCRIPCIÓN FÍSICA
Extensión 80 npáginas ;
Dimensiones 18 centímetros.
336 ## - TIPO DE CONTENIDO
Término de tipo de contenido text
Fuente rdacontent
337 ## - TIPO DE MEDIO
Nombre/término del tipo de medio unmediated
Fuente rdamedia
338 ## - TIPO DE SOPORTE
Nombre/término del tipo de soporte volume
Fuente rdacarrier
520 ## - RESUMEN, ETC.
Sumario, etc. Menos es más. Así reza la máxima más célebre del movimiento moderno. Pero, ¿es realmente así? En una época en la que incesantemente se nos insta a hacer “más con menos”, ¿podemos seguir romantizando las pretensiones del minimalismo? Para Pier Vittorio Aureli, la vindicación del "chic austero" es una perversión de lo que debería ser, en realidad, una forma de vida dotada de pleno sentido. Rastreando el florecimiento del ascetismo en la primera era cristiana y su institucionalización a través de los monasterios medievales, Aureli examina cómo la unidad básica de la vida en reclusión-la célula monacal- se convirtió en el cimiento de la propiedad privada y en el origen de todos nuestros males. En el tardocapitalismo, el ascetismo se ha visto completamente estetizado y se manifiesta en el estilo de vida monacal de Steve Jobs, en el aura contenida de Apple o en la existencia de monasterios inspirados por tiendas de Calvin Klein. Entre toda esta hipocresía, ¿es posible recuperar la idea de "menos" como alternativa radical, como el primer paso para vivir la vida examinada?
526 ## - NOTA DE INFORMACIÓN SOBRE EL PROGRAMA DE ESTUDIO
Nombre del programa Maestría Bim Facility Management (A distancia)
526 ## - NOTA DE INFORMACIÓN SOBRE EL PROGRAMA DE ESTUDIO
Nombre del programa
526 ## - NOTA DE INFORMACIÓN SOBRE EL PROGRAMA DE ESTUDIO
Nombre del programa Educación musical y artes
526 ## - NOTA DE INFORMACIÓN SOBRE EL PROGRAMA DE ESTUDIO
Nombre del programa Educación, especialidad educación física
526 ## - NOTA DE INFORMACIÓN SOBRE EL PROGRAMA DE ESTUDIO
Nombre del programa Arquitectura
650 14 - PUNTO DE ACCESO ADICIONAL DE MATERIA--TÉRMINO DE MATERIA
Término de materia o nombre geográfico como elemento de entrada Arquitectura moderna
9 (RLIN) 548
650 24 - PUNTO DE ACCESO ADICIONAL DE MATERIA--TÉRMINO DE MATERIA
Término de materia o nombre geográfico como elemento de entrada Minimalismo (Arquitectura)
9 (RLIN) 4449
700 ## - ENTRADA AGREGADA--NOMBRE PERSONAL
Nombre de persona Serrano, María,
Término indicativo de función/relación traductora.
9 (RLIN) 4450
942 ## - ELEMENTOS DE ENTRADA SECUNDARIOS (KOHA)
Fuente del sistema de clasificación o colocación Clasificación Decimal Dewey
Tipo de ítem Koha Libros físicos
980 ## - EQUIVALENCIA O REFERENCIA-CRUZADA-MENCIÓN DE SERIE--NOMBRE DE PERSONA/TÍTULO [LOCAL, CANADÁ]
ID del usuario creador del registro 18226
Nombre del creador del registro Jaime Vilcazán Jefe de Análisis Documental
ID del último usuario que modificó el registro 1
Nombre del último usuario que modificó el registro ALBERTO SANCHEZ Responsable de Automatización
Existencias
Visto por última vez Total de préstamos Signatura topográfica completa Código de barras Copia número Coste, precio de reemplazo Fecha de reemplazo Facultad Tipo de ítem Koha Estado de pérdida Fuente del sistema de clasificación o colocación Restricciones de uso No para préstamo Colección Programa académico Biblioteca de origen Biblioteca actual Ubicación en estantería Fecha de adquisición Fuente de adquisición Coste, precio normal de compra
2025-12-03   724 V853m 82284 e1 23.25 2024-09-27 FIA Libros físicos No Perdido Clasificación Decimal Dewey No restringido Disponible para préstamos Colección General Arquitectura Biblioteca CRAI UPeU Lima Biblioteca CRAI UPeU Lima Sala principal 2024-09-16 Compra, San Cristóbal 18.25